| 000 | 005430000a22001930004500 | ||
|---|---|---|---|
| 003 | LK-CoMWRAF | ||
| 005 | 20231102014152.0 | ||
| 008 | 230817t2001 ||||| |||| 00| 0 eng d | ||
| 020 | _a071411443X | ||
| 040 |
_aLK-CoMWRAF _dLK-CoMWRAF _eLK-CoMWRAF |
||
| 041 | _aeng | ||
| 082 |
_a709.17671 _bBRE |
||
| 100 | _aBrend, Barbara | ||
| 245 | _aIslamic Art | ||
| 260 |
_aLondon: _bBritish Museum Press, _c2001 |
||
| 300 |
_a 240 p. : ill. (some col.), map ; 26 cm. _bBibliography and index included |
||
| 650 | _aISLAMIC ART -History | ||
| 942 | _cBK | ||
| 999 |
_c899 _d899 |
||